00560 2200205 4500001002100000005001700021008004100038020001800079035002400097090002000121245005700141250001100198260003100209300002500240650002500265700002400290850001200314985000600326999002200332YOGYA-0209000004551420090227030908.0 ind  a979-21-1266-9 0010-020900000045514 a155.4bMenlDEP aMENYIKAPI perilaku agresif anakcTim Pustaka Familia aCet. 1 aYogyakartabKanisiusc2006 a122 hlmbilusc18 cm aAnak-Aspek psikologi aTim Pustaka Familia aYOPDYOG a1 a2006-085h CB-D.11